000 01020nam0a22002411i 4500
001 rc\1182715
005 20240726054339.0
035 _a(NLR Aleph) 006424757
090 _a5486229
_c5486229
100 _a20041129d1980 u |0rusy50 ca
101 0 _arus
102 _aRU
105 _ay |||||||||
200 1 _aВоспитание положительного отношения к учению у учащихся среднего школьного возраста
_e(На материале истории, географии и родной литературы)
_eАвтореф. дис. на соиск. учен. степ. к. пед. н.
210 _aТбилиси
_d1980
215 _a21 с.
300 _aВ надзаг.: НИИ пед. наук им. Я.С. Гогебашвили
320 _aБиблиогр.: с. 21
700 1 _aНаргизишвили
_bА.Д.
_gАкакий Давидович
801 0 _aRU
_bNLR
_gpsbo
801 1 _aRU
_bELAR
_2rusmarc
852 _aNLR
_j83-4/28934
942 _cBOOK